[Event "8th TCh-Eur w"]
[Site "Novi Sad SRB"]
[Date "2009.10.28"]
[Round "7"]
[White "Zhukova,N"]
[Black "Vajda,S"]
[Result "1/2-1/2"]
[WhiteElo "2457"]
[BlackElo "2375"]

1.d4 d5 2.c4 dxc4 3.Nf3 e6 4.e3 Nf6 5.Bxc4 c5 6.O-O a6 7.a4 Nc6 8.Qe2 Qc7
9.Nc3 Be7 10.Rd1 O-O 11.h3 Rd8 12.d5 exd5 13.Bxd5 Nb4 14.Bc4 Rxd1+ 15.Qxd1 Bf5
16.Qe2 Re8 17.b3 Bf8 18.Bb2 Qe7 19.Rd1 h6 20.Rd2 Be6 21.Qd1 Bxc4 22.bxc4 Ne4
23.Rd7 Qe6 24.Nxe4 Qxe4 25.Nd2 Qc6 26.Nf3 Qe4 27.Nd2 Qc6 28.Nf3 Qe4  1/2-1/2

[Event "Open"]
[Site "Liberec CZE"]
[Date "2009.10.31"]
[Round "9"]
[White "Bartos,J"]
[Black "Tesar,J"]
[Result "1-0"]
[WhiteElo "2249"]
[BlackElo "2101"]

1.d4 d5 2.c4 dxc4 3.Nf3 Nf6 4.e3 e6 5.Bxc4 c5 6.O-O Nc6 7.dxc5 Qxd1 8.Rxd1 Bxc5
9.a3 a6 10.b4 Ba7 11.Bb2 b5 12.Be2 Bb7 13.Nbd2 Ke7 14.Rac1 Rhd8 15.Nb3 Rxd1+
16.Bxd1 Rd8 17.Be2 Kf8 18.Nc5 Bxc5 19.Rxc5 Nd7 20.Rc2 Nb6 21.Nd4 Nxd4 22.Bxd4 Nd5
23.f3 Rc8 24.Rxc8+ Bxc8 25.Kf2 f6 26.f4 Kf7 27.g3 Ne7 28.Bf3 Nf5 29.Bc5 Ne7
30.Ke2 Nd5 31.Kd3 Bb7 32.e4 Ne7 33.Bd1 Ke8 34.Bb3 Kd7 35.Bxe7 Kxe7 36.Kd4 Bc8
37.e5 Kd7 38.Kc5 Kc7 39.a4 bxa4 40.Bxa4 Bb7 41.Bc2 h6 42.Bd3 Bc8 43.Bc4 f5
44.h4 g6 45.Be2 Bb7 46.Bd3 a5 47.bxa5 Bd5 48.Bb5 Bb7 49.Be8  1-0

[Event "Open"]
[Site "Liberec CZE"]
[Date "2009.10.31"]
[Round "9"]
[White "Natsidis,C"]
[Black "Snorek,M"]
[Result "1-0"]
[WhiteElo "2313"]
[BlackElo "2164"]

1.d4 d5 2.c4 dxc4 3.Nf3 Nf6 4.e3 e6 5.Bxc4 c5 6.Qe2 a6 7.dxc5 Bxc5 8.e4 Qc7
9.O-O b5 10.Bd3 Bb7 11.Nbd2 Nc6 12.Nb3 Bd6 13.Bd2 Ng4 14.h3 Nge5 15.Nxe5 Nxe5
16.Rac1 Qd7 17.Bb1 Nc4 18.Bc3 e5 19.Rfd1 Qe7 20.Bd3 Rc8 21.Bxc4 Rxc4 22.Na5 Rc7
23.Nxb7 Rxb7 24.Bb4  1-0

[Event "3rd Asian Indoor Team Rapid Prelim"]
[Site "Ha Long City VIE"]
[Date "2009.11.05"]
[Round "5"]
[White "Zhao Xue"]
[Black "Nodirjanova,N"]
[Result "1/2-1/2"]
[WhiteElo "2506"]
[BlackElo "2159"]

1.d4 d5 2.c4 dxc4 3.e3 Nf6 4.Bxc4 e6 5.Nf3 c5 6.Qe2 a6 7.dxc5 Bxc5 8.O-O Nc6
9.e4 b5 10.Bb3 Nd4 11.Nxd4 Qxd4 12.Nc3 Qe5 13.Be3 Bxe3 14.Qxe3 Ng4 15.Qg3 Qxg3
16.hxg3 Bb7 17.Rfd1 Ke7 18.f3 Ne5 19.Kf2 Rhd8 20.Ke3 Rxd1 21.Rxd1 Rc8 22.Rd4 Nc6
23.Rd3 Na5 24.Kd2 Nxb3+ 25.axb3 Rc5 26.Nd1 Rg5 27.Rc3 Kd7 28.Rd3+ Kc7 29.Rc3+ Kb8
30.Ne3 Rxg3 31.Rc5 h6 32.b4 Rg5 33.Rxg5 hxg5 34.Kc3 Kc7 35.Kd4 Kd6 36.e5+ Kc6
37.Ng4 Kb6 38.Nf2 Ba8 39.Nh3 f6 40.Nf2 Bb7 41.Nd3 Bd5 42.Nf2 Bb7 43.exf6 gxf6
44.Ng4 f5 45.Ne5 Bd5 46.Nd7+ Kc7 47.Nc5 Kb6 48.Nd7+ Kc6 49.Ne5+ Kb6 50.Nd7+ Kc6
51.Ne5+ Kb6 52.Nd7+  1/2-1/2

[Event "3rd Asian Indoor Team Rapid Prelim"]
[Site "Ha Long City VIE"]
[Date "2009.11.06"]
[Round "7"]
[White "Safar,R"]
[Black "Nodirjanova,N"]
[Result "0-1"]
[WhiteElo "1702"]
[BlackElo "2159"]

1.d4 d5 2.c4 dxc4 3.Nf3 Nf6 4.e3 e6 5.Bxc4 c5 6.Qe2 a6 7.dxc5 Bxc5 8.O-O b5
9.Bd3 Nbd7 10.a4 bxa4 11.Rxa4 a5 12.e4 Bb7 13.Bg5 Qb8 14.Rd1 Bc6 15.Rc4 Qa7
16.Na3 Ng4 17.Rdc1 Bb7 18.Rxc5 Nxc5 19.Bb5+ Kf8 20.Qd2 Nxe4 21.Qd7 Nxg5 22.Nxg5 Qxf2+
23.Kh1 Qxg2+  0-1

[Event "3rd Asian Indoor Team Rapid Prelim"]
[Site "Ha Long City VIE"]
[Date "2009.11.06"]
[Round "8"]
[White "Sachdev,T"]
[Black "Nodirjanova,N"]
[Result "0-1"]
[WhiteElo "2399"]
[BlackElo "2159"]

1.d4 d5 2.c4 dxc4 3.Nf3 Nf6 4.e3 e6 5.Bxc4 c5 6.O-O a6 7.Bb3 b5 8.a4 b4 9.Nbd2 Bb7
10.e4 cxd4 11.e5 Nfd7 12.Re1 Nc5 13.Nc4 Nxb3 14.Qxb3 Qd5 15.Qd3 Bc5 16.Na5 Nd7
17.Bf4 Bc8 18.Rac1 Ba7 19.Nc4 O-O 20.Ng5 f5 21.exf6 Nxf6 22.Re5 Qc6 23.Na5 Qe8
24.Re2 h6 25.Nh3 Bd7 26.Bd6 Rf7 27.b3 Nd5 28.Nc4 Rc8 29.Rce1 Rc6 30.Bg3 Rf6
31.Be5 Qg6 32.Qxg6 Rxg6 33.Rd2 Nb6 34.Nxb6 Bxb6 35.Nf4 Rg5 36.h4 Rxe5 37.Rxe5 Bc7
38.Re4 Rc1+ 39.Kh2 g5 40.hxg5 hxg5 41.Rexd4 Be8 42.g3 gxf4 43.gxf4 Kf7 44.Rxb4 Ba5
45.Rb7+ Kf6 46.Rd6 Bg6 47.Rxa6 Bd2 48.Kg3 Be4 49.Rbb6 Rg1+ 50.Kh4 Rh1+ 51.Kg3 Rg1+
52.Kh4 Rh1+ 53.Kg3 Kf5 54.Rxe6 Bxf4+  0-1

[Event "ch-IND National A"]
[Site "Mumbai IND"]
[Date "2009.12.03"]
[Round "3"]
[White "Arvind,S"]
[Black "Murali Krishnan,B"]
[Result "0-1"]
[WhiteElo "2302"]
[BlackElo "2407"]

1.d4 d5 2.c4 dxc4 3.Nf3 Nf6 4.e3 e6 5.Bxc4 c5 6.O-O a6 7.a4 Nc6 8.Qe2 cxd4
9.Rd1 Be7 10.exd4 O-O 11.Nc3 Nb4 12.Bg5 Nfd5 13.Nxd5 Nxd5 14.Bxe7 Nxe7 15.Qe4 Nd5
16.Ne5 Nf6 17.Qh4 Bd7 18.Bd3 h6 19.a5 Bb5 20.Bb1 Qd5 21.Ra3 Rfd8 22.Qf4 Be2
23.Rd2 Rac8 24.Bc2 Bb5 25.h3 Be8 26.Kh2 Kf8 27.g4 Qb5 28.Ba4 Qf1 29.Rd1 Qe2
30.Rd2 Qe4 31.Qe3 Rc1 32.Nf3 Bxa4 33.Rxa4 Qb1 34.Qd3 Qxd3 35.Rxd3 Ne4 36.Nd2 Nc5  0-1

[Event "Podgaets Memorial Blitz"]
[Site "Odessa UKR"]
[Date "2009.12.03"]
[Round "10"]
[White "Drozdovskij,Y"]
[Black "Pichugin,Al"]
[Result "1-0"]
[WhiteElo "2625"]
[BlackElo "2374"]

1.d4 d5 2.c4 dxc4 3.Nf3 Nf6 4.e3 e6 5.Bxc4 c5 6.O-O Nc6 7.a3 a6 8.dxc5 Bxc5
9.Qxd8+ Kxd8 10.b4 Bd6 11.Bb2 b5 12.Be2 Ke7 13.Nbd2 Rd8 14.Rac1 Bd7 15.Nb3 Rdc8
16.Nc5 Be8 17.Nb7 Bb8 18.Rc2 Ba7 19.Rfc1 Bd7 20.Nd2 Nd8 21.Nc5 Bc6 22.Nxa6 Bxe3
23.fxe3 Rxa6 24.Bxb5 Rb6 25.Ba4 Nd5 26.Bd4 Ra6 27.Bb5 Bxb5 28.Rxc8 Nc6 29.Bc5+ Kd7
30.Rf8  1-0

[Event "New Years All-Ukrainian Open"]
[Site "Poltava UKR"]
[Date "2009.12.10"]
[Round "8"]
[White "Padalka,A"]
[Black "Kol'ba,A"]
[Result "0-1"]
[WhiteElo "2170"]
[BlackElo "2155"]

1.d4 d5 2.c4 dxc4 3.Nf3 Nf6 4.e3 e6 5.Bxc4 c5 6.O-O a6 7.a3 b5 8.Ba2 Nc6
9.Qe2 cxd4 10.Rd1 Be7 11.exd4 O-O 12.Nc3 b4 13.d5 bxc3 14.dxc6 Qb6 15.Ne5 Rd8
16.Rxd8+ Bxd8 17.bxc3 Bc7 18.Bg5 Bxe5 19.Qxe5 Qxf2+ 20.Kh1 h6 21.Bxf6 gxf6
22.Qe4 Qc5 23.Rd1 f5 24.Rd8+ Kh7 25.Qd4 Qxd4 26.cxd4 Rb8 27.h3 Rb2 28.Rxc8 Rxa2
29.Ra8 Rc2 30.Rxa6 Kg7 31.Kh2 Kf6 32.Kg3 Rc4 33.d5 exd5 34.c7+ Ke7 35.Rxh6 Rxc7
36.Ra6 Rc5 37.a4 d4 38.Kf4 d3 39.Ke3 Rc2 40.Kxd3 Rxg2 41.Kc4 Rh2 42.Rh6 Rc2+
43.Kb3 Rc1 44.a5 f4 45.Rh4 f3 46.Rf4 Ra1 47.Kb4 Rf1 48.Kb5 f2 49.Ka6 Ke6
50.Re4+ Kf5 51.Re2 Kf4 52.h4 f5 53.Ka7 Kf3 54.Rb2 Rh1 55.Rb3+ Kg4 56.Rb4+ f4
57.h5 f1=Q 58.a6 Rxh5 59.Rb2 Rh6 60.Ra2  0-1

[Event "ch-IND National A"]
[Site "Mumbai IND"]
[Date "2009.12.11"]
[Round "10"]
[White "Thejkumar,M"]
[Black "Murali Krishnan,B"]
[Result "0-1"]
[WhiteElo "2453"]
[BlackElo "2407"]

1.d4 d5 2.c4 dxc4 3.Nf3 Nf6 4.e3 e6 5.Bxc4 c5 6.O-O a6 7.Bb3 Nc6 8.Qe2 cxd4
9.Rd1 Be7 10.exd4 O-O 11.Nc3 Na5 12.Bc2 b5 13.Bg5 Bb7 14.d5 exd5 15.Nd4 g6
16.Qf3 Ne4 17.Bh6 Re8 18.Nf5 Bf6 19.Bxe4 dxe4 20.Qf4 Qb8 21.Nd6 Re6 22.Rac1 Nc4
23.Nxb7 Qxb7 24.Re1 Rae8 25.b3 Nd6 26.Qg4 Nf5 27.Bf4 Kg7 28.Red1 h5 29.Qe2 e3
30.fxe3 Nxe3 31.Bxe3 Rxe3 32.Qf2 Rxc3  0-1

[Event "Tch-SLO League"]
[Site "Rogaska Slatina SLO"]
[Date "2009.12.12"]
[Round "2"]
[White "Markus,Rob"]
[Black "Stevic,H"]
[Result "1/2-1/2"]
[WhiteElo "2616"]
[BlackElo "2616"]

1.d4 d5 2.c4 dxc4 3.Nf3 Nf6 4.e3 e6 5.Bxc4 c5 6.O-O a6 7.Bd3 cxd4 8.exd4 Nc6
9.Nc3 Be7 10.Bg5 O-O 11.Rc1 b6 12.Bxf6 Bxf6 13.Ne4 Ne7 14.Nxf6+ gxf6 15.Be4 Ra7
16.Qd2 f5 17.Bd3 Bb7 18.Qg5+ Ng6 19.Qxd8 Rxd8 20.Rc7 Rda8 21.Ne5 Nf4 22.f3 Bd5
23.Rxa7 Rxa7 24.Bb1 Ne2+ 25.Kf2 Nxd4 26.Rd1 Nb5 27.Bxf5 Bxa2 28.Rd8+ Kg7
29.Bd3 Bd5  1/2-1/2

[Event "ch-IND National A"]
[Site "Mumbai IND"]
[Date "2009.12.13"]
[Round "12"]
[White "Laxman,R"]
[Black "Murali Krishnan,B"]
[Result "1-0"]
[WhiteElo "2511"]
[BlackElo "2407"]

1.d4 d5 2.Nf3 Nf6 3.c4 dxc4 4.e3 e6 5.Bxc4 c5 6.O-O a6 7.Bb3 Nc6 8.Qe2 cxd4
9.Rd1 Be7 10.exd4 O-O 11.Nc3 Na5 12.Bc2 b5 13.Bg5 Bb7 14.h4 Nc4 15.b3 Nb6
16.Ne5 Rc8 17.Rd3 Nbd5 18.Nxd5 Nxd5 19.Rg3 Bxg5 20.hxg5 Nf4 21.Qd2 Qxd4 22.Qxd4 Ne2+
23.Kh2 Nxd4 24.Bd3 Rfd8 25.Rh3 Rc5 26.Bxh7+ Kf8 27.Re1 Nc6 28.Nxc6 Bxc6 29.g6 Rd2
30.f3 Rc3 31.gxf7 Rxf3 32.Rxf3 Bxf3 33.Bg8 Bxg2 34.Kg3 Bb7 35.Rxe6 Rd8 36.Kf4 b4
37.Ke3 a5 38.Re5 Bc6 39.Rxa5 Bd5 40.Rb5 Bxf7 41.Bxf7 Kxf7 42.Rxb4 g5 43.Rb6 Ke7
44.Kf3 Kd7 45.a4 Kc7 46.a5 Rd4 47.b4 Rc4 48.Ke3 g4 49.Kd3 Rf4 50.Kc3 Re4
51.Rg6 Kb7 52.Kb3 Rf4 53.Ka4 Ka7 54.Kb5 Rf5+ 55.Kc6 Rf4 56.b5 Rc4+ 57.Kd5 Ra4
58.Rg7+ Ka8 59.Kc6  1-0

[Event "Tch-SLO League"]
[Site "Rogaska Slatina SLO"]
[Date "2009.12.13"]
[Round "4"]
[White "Jankovic,A"]
[Black "Stevic,H"]
[Result "1/2-1/2"]
[WhiteElo "2546"]
[BlackElo "2616"]

1.d4 d5 2.c4 dxc4 3.Nf3 Nf6 4.e3 e6 5.Bxc4 c5 6.O-O a6 7.dxc5 Qxd1 8.Rxd1 Bxc5
9.a3 Nbd7 10.b4 Be7 11.Bb2 b5 12.Be2 Bb7  1/2-1/2

[Event "Tch-SLO League"]
[Site "Rogaska Slatina SLO"]
[Date "2009.12.16"]
[Round "9"]
[White "Gyimesi,Z"]
[Black "Stevic,H"]
[Result "1/2-1/2"]
[WhiteElo "2584"]
[BlackElo "2616"]

1.d4 d5 2.c4 dxc4 3.Nf3 Nf6 4.e3 e6 5.Bxc4 c5 6.O-O a6 7.b3 Nc6 8.dxc5 Qxd1
9.Rxd1 Bxc5 10.Bb2 O-O 11.Nbd2 b6 12.Ne5 Nxe5 13.Bxe5 Bb7 14.Rac1 Rfc8 15.Bb2 Be7
16.Be2 Rxc1 17.Rxc1 Rc8 18.Rxc8+ Bxc8 19.Bf3 Nd7 20.Kf1 Kf8 21.Ke2 b5 22.Be4 Bf6
23.Bxf6 Nxf6  1/2-1/2

[Event "22nd Open"]
[Site "Staufer GER"]
[Date "2010.01.04"]
[Round "6"]
[White "Epishin,V"]
[Black "Nyzhnyk,I"]
[Result "1/2-1/2"]
[WhiteElo "2607"]
[BlackElo "2494"]

1.d4 d5 2.Nf3 Nf6 3.c4 dxc4 4.e3 e6 5.Bxc4 c5 6.O-O a6 7.dxc5 Bxc5 8.Qxd8+ Kxd8
9.Be2 Ke7 10.b3 Nc6 11.Bb2 b6 12.Re1 Bb7 13.Nc3 Bd6 14.Nd2 Rhd8 15.Nc4 Bc7
16.a4 Rac8 17.Bf3 Na5 18.Bxb7 Nxb7 19.Kf1 Ke8 20.Rab1 Na5  1/2-1/2

[Event "15th Open"]
[Site "Bosnjaci CRO"]
[Date "2010.01.06"]
[Round "6"]
[White "Solic,K"]
[Black "Dabo Peranic,R"]
[Result "1/2-1/2"]
[WhiteElo "2170"]
[BlackElo "2315"]

1.Nf3 d5 2.d4 Nf6 3.c4 dxc4 4.e3 e6 5.Bxc4 c5 6.O-O a6 7.a4 Nc6 8.Nc3 Be7
9.dxc5 Bxc5 10.Qxd8+ Kxd8 11.b3 Ke7 12.Bb2 b6 13.Rfd1 Bb7 14.Ne2 Na5 15.Ne5 Rhd8
16.Bc3 Nxc4 17.Nxc4 Bd5 18.Nf4 Bxc4 19.bxc4 Rxd1+ 20.Rxd1 Rc8 21.Nd3 Bd6
22.Rc1 Ne8 23.Bd4 Rc6 24.Kf1 f6 25.Ke2 e5 26.Bb2 e4 27.Nf4 Bxf4 28.exf4 Ke6
29.Ke3 Nd6 30.Kd4 Nb7 31.Ba3 f5 32.c5 bxc5+ 33.Bxc5 Rc7 34.Rc3 Rd7+ 35.Ke3 Rc7
36.Kd4 Rd7+ 37.Ke3 Rc7 38.Kd4  1/2-1/2

[Event "2nd Kirov Memorial Open"]
[Site "Blagoevgrad BUL"]
[Date "2010.01.12"]
[Round "2"]
[White "Petkov,V"]
[Black "Andonov,B"]
[Result "1-0"]
[WhiteElo "2490"]
[BlackElo "2302"]

1.d4 Nf6 2.Nf3 d5 3.c4 dxc4 4.e3 e6 5.Bxc4 c5 6.O-O cxd4 7.exd4 Nc6 8.Nc3 Be7
9.d5 exd5 10.Nxd5 Nxd5 11.Bxd5 O-O 12.Bf4 Bf6 13.Bxc6 bxc6 14.Qc2 Be6 15.Rfd1 Bd5
16.Nd4 Qb6 17.Be3 Rfe8 18.Rd2 Qb7 19.Nf5 Be4 20.Nd6 Bxc2 21.Nxb7 Bxb2 22.Rf1 Reb8
23.Rxc2 Rxb7 24.Rb1 Rab8 25.Rxc6 h6 26.g4 Be5 27.Rxb7 Rxb7 28.Ra6 Bb8 29.Kg2 Kf8
30.h4 Ke8 31.h5 Kd8 32.Kf3 Rd7 33.Ra4 Kc8 34.Rd4 Rc7 35.Rd5 Re7 36.Bd4 f6
37.Bc5 Re8 38.Rd4 f5 39.Rc4 fxg4+ 40.Kxg4 Kb7 41.Rb4+ Kc6 42.Be3 a5 43.Rb6+ Kd5
44.Rb5+ Ke4 45.Rxa5 Be5 46.Ra4+ Kd5 47.Ra7 Kc4 48.Kf5 Ba1 49.a4 Re5+ 50.Kg4 Re4+
51.Kf3 Re5 52.a5 Kb5 53.a6 Rxh5 54.Rb7+ Kc6 55.Rb6+ Kc7 56.Rb1 Be5 57.a7  1-0

[Event "ch-AUS"]
[Site "Sydney AUS"]
[Date "2010.01.12"]
[Round "10"]
[White "Bird,A"]
[Black "Charles,Ga"]
[Result "1/2-1/2"]
[WhiteElo "2182"]
[BlackElo "2175"]

1.Nf3 d5 2.d4 Nf6 3.c4 dxc4 4.e3 e6 5.Bxc4 c5 6.O-O a6 7.dxc5 Qxd1 8.Rxd1 Bxc5
9.Nc3 Nbd7 10.b3 b6 11.Bb2 Bb7 12.Rac1 O-O 13.Na4 Rfd8  1/2-1/2

[Event "8th Parsvnath Open"]
[Site "New Delhi IND"]
[Date "2010.01.17"]
[Round "6"]
[White "Lalith,B"]
[Black "Rahman,Zia"]
[Result "1-0"]
[WhiteElo "2457"]
[BlackElo "2548"]

1.Nf3 d5 2.d4 Nf6 3.c4 dxc4 4.e3 e6 5.Bxc4 c5 6.O-O Nc6 7.Qe2 a6 8.Rd1 b5
9.d5 exd5 10.Bxd5 Nxd5 11.e4 Bd6 12.exd5+ Ne7 13.a4 bxa4 14.Rxa4 O-O 15.Nc3 Ng6
16.Be3 Rb8 17.Ne4 Bd7 18.Raa1 Bb5 19.Qd2 Re8 20.Nxd6 Qxd6 21.Qc2 Rbc8 22.Rac1 Nf4
23.Bxf4 Qxf4 24.Rd2 Red8 25.Re1 g6 26.h3 Rd6 27.Re3 h6 28.Rc3 Qb4 29.Rd4 cxd4
30.Rxc8+ Kg7 31.Qe4 Rf6 32.Nxd4 Qxb2 33.Nf3 Bd7 34.Rc7 Bf5 35.Qe3 Qb1+ 36.Rc1 Qe4
37.Rd1 Qxe3 38.fxe3 Kf8 39.Ne5 Rd6 40.Rd4 a5 41.e4 Bd7 42.Kf2 Bb5 43.Nc4 Bxc4
44.Rxc4 f5 45.Ra4 fxe4 46.Rxa5 Rb6 47.Ke3 Rb4 48.Ra7 g5 49.Rh7 Rb2 50.Kxe4 Rxg2
51.Rxh6 g4 52.hxg4 Rxg4+ 53.Kf5 Ra4 54.Ke6 Re4+ 55.Kd7 Re7+ 56.Kc6 Re1 57.d6 Rc1+
58.Kd7 Ra1 59.Rh2 Ra7+ 60.Ke6 Ra6 61.Rh8+ Kg7 62.Rb8  1-0

[Event "8th Parsvnath Open"]
[Site "New Delhi IND"]
[Date "2010.01.18"]
[Round "7"]
[White "Laxman,R"]
[Black "Thakur,Ak"]
[Result "1-0"]
[WhiteElo "2503"]
[BlackElo "2331"]

1.Nf3 d5 2.d4 Nf6 3.c4 dxc4 4.e3 e6 5.Bxc4 c5 6.Qe2 a6 7.dxc5 Bxc5 8.O-O Nc6
9.a3 O-O 10.b4 Bd6 11.Bb2 b5 12.Bd3 Bb7 13.Nbd2 h6 14.Rfd1 Qe7 15.Bxf6 gxf6
16.Ne4 Be5 17.Rac1 f5 18.Nc5 Rfd8 19.Nxb7 Qxb7 20.Rxc6 Bxh2+ 21.Kxh2 Qxc6
22.Nd4 Qd6+ 23.f4 Rac8 24.Qh5 Qf8 25.g4 fxg4 26.Rg1 Rd5 27.Qxg4+ Kh8 28.Qh4  1-0

[Event "GMA"]
[Site "Marianske Lazne CZE"]
[Date "2010.01.19"]
[Round "4"]
[White "Grabarczyk,M"]
[Black "Vavra,P1"]
[Result "1/2-1/2"]
[WhiteElo "2475"]
[BlackElo "2367"]

1.d4 d5 2.c4 dxc4 3.e3 Nf6 4.Bxc4 e6 5.Nf3 c5 6.O-O a6 7.dxc5 Qxd1 8.Rxd1 Bxc5
9.Be2 Nc6 10.Nbd2 e5 11.b3 O-O 12.Bb2 Re8 13.Rac1 Ba7 14.Nc4 e4 15.Ng5 Bg4
16.Bxg4 Nxg4 17.h3 Nxe3 18.Nxe3 Bxe3 19.fxe3 h6 20.Rd7 hxg5 21.Rxb7 Re6 22.Rc5 f6
23.Rc7 Nb4 24.Ba3 Nd3 25.Rd5 Kh7 26.g4 Ne5 27.Bb2 Rae8 28.Kg2 Nd3 29.Ba3 Ne5
30.Kg3 Kh6 31.Bb2 Nc6 32.Rdd7 R6e7 33.Rxe7 Nxe7 34.Bd4 Nd5 35.Rc5 Nb4 36.a3 Nd3
37.Rc4 Kg6 38.b4 Kf7 39.Bc3 g6 40.h4 gxh4+ 41.Kxh4 f5 42.Kg5 f4 43.exf4 e3
44.f5 gxf5 45.gxf5 e2 46.Rc7+ Re7 47.Rxe7+ Kxe7 48.Kg6 e1=Q 49.Bxe1 Nxe1
50.Kg7 Nf3 51.f6+ Kd7 52.f7 Ng5 53.Kf6 Nxf7 54.Kxf7 Kc6 55.a4 Kd5 56.Ke7 Kc4
57.b5 axb5 58.axb5 Kxb5  1/2-1/2

[Event "2nd Chennai Open"]
[Site "Chennai IND"]
[Date "2010.01.28"]
[Round "5"]
[White "Tejas,R"]
[Black "Murali Krishnan,B"]
[Result "1/2-1/2"]
[WhiteElo "2198"]
[BlackElo "2385"]

1.Nf3 d5 2.d4 Nf6 3.c4 dxc4 4.e3 e6 5.Bxc4 c5 6.O-O Nc6 7.Nc3 a6 8.Bb3 b5
9.Qe2 Na5 10.Rd1 Bb7 11.e4 Nxb3 12.axb3 cxd4 13.Nxd4 Qb8 14.e5 Nd7 15.Bf4 Be7
16.Qg4 g5 17.Nxe6 fxe6 18.Bxg5 Rg8 19.Qxe6 Rxg5 20.Rxd7 Rxg2+ 21.Kf1 Rg7
22.Rad1 Bg2+ 23.Ke2 Kf8 24.R1d4 Ra7 25.f3 Rxd7 26.Rxd7 Rf7 27.f4 Qa8 28.Rd3 Be4
29.Rd4 Bf5 30.Qh6+ Rg7 31.Nd5 Qa7 32.Nxe7 Qxe7 33.Rd6 Ke8 34.Qh5+ Bg6 35.Qh3 Qc7
36.Qe6+ Kf8 37.Qf6+ Ke8 38.Qe6+ Kf8 39.Rc6 Bh5+ 40.Kf1 Qe7 41.Qf5+ Rf7 42.Qxh5 Rxf4+
43.Ke2 Re4+ 44.Kf3 Rh4 45.Qf5+ Kg7 46.Re6 Qf7 47.Qxf7+ Kxf7 48.Rf6+ Ke7 49.Rxa6 Rxh2
50.Ke4 Rxb2 51.Ra7+ Ke6 52.Rxh7 Rxb3  1/2-1/2

[Event "8th Gibtelecom Masters"]
[Site "Caleta ENG"]
[Date "2010.01.29"]
[Round "4"]
[White "Steinskog,A"]
[Black "Marchand,F"]
[Result "1/2-1/2"]
[WhiteElo "1884"]
[BlackElo "2244"]

1.d4 d5 2.Nf3 Nf6 3.c4 dxc4 4.e3 e6 5.Bxc4 c5 6.Nc3 a6 7.a4 Nc6 8.O-O Qc7
9.Qe2 Bd6 10.dxc5 Bxc5 11.e4 Ng4 12.g3 Nge5 13.Nxe5 Nxe5 14.Bf4 Bd6 15.Ba2 O-O
16.Rac1 Qe7 17.Rfd1 g5 18.Bxe5 Bxe5 19.Bc4 Bd7 20.b3 Bc6 21.Nb1 Qf6 22.Nd2 Bd4
23.Nf3 Bb6 24.h3 Kh8 25.Nh2 Qe5 26.Qg4 f5 27.exf5 exf5 28.Nf3 Qc5 29.Qd4+ Qxd4
30.Nxd4 Be4 31.Ne6 Rfe8 32.Nxg5  1/2-1/2

[Event "8th Gibtelecom Masters"]
[Site "Caleta ENG"]
[Date "2010.02.01"]
[Round "7"]
[White "Vernay,C"]
[Black "Ivanov,StojanE"]
[Result "1-0"]
[WhiteElo "2442"]
[BlackElo "2198"]

1.d4 d5 2.c4 dxc4 3.e3 Nf6 4.Bxc4 e6 5.Nf3 c5 6.O-O a6 7.dxc5 Qxd1 8.Rxd1 Bxc5
9.a3 Nbd7 10.b4 Be7 11.Bb2 O-O 12.Nd4 Nb6 13.Bb3 Bd7 14.Nc3 a5 15.Nc2 Rfc8
16.f3 Nc4 17.Bxc4 Rxc4 18.e4 Rac8 19.e5 Nd5 20.Nxd5 exd5 21.Ne3 Be6 22.Nxc4 Rxc4
23.bxa5 Bd8 24.Rac1 Bxa5 25.Rxc4 dxc4 26.Bc3 Bc7 27.Rb1 Bd5 28.Kf2 Kf8 29.Ke3 Ke7
30.g4 g6 31.f4 Kd7 32.f5 Kc6 33.a4 Bd8 34.a5 Bg5+ 35.Kd4 Bf3 36.f6 Bxg4 37.Rg1 h5
38.h3 Bh4 39.hxg4 Bf2+ 40.Kxc4 Bxg1 41.gxh5 gxh5 42.e6 fxe6 43.f7 Bc5 44.Bb4  1-0

[Event "2nd Chennai Open"]
[Site "Chennai IND"]
[Date "2010.02.01"]
[Round "9"]
[White "Mehar,C"]
[Black "Murali Krishnan,B"]
[Result "0-1"]
[WhiteElo "2258"]
[BlackElo "2385"]

1.d4 d5 2.Nf3 Nf6 3.c4 dxc4 4.e3 e6 5.Bxc4 c5 6.O-O Nc6 7.Qe2 a6 8.a4 cxd4
9.Rd1 Be7 10.exd4 O-O 11.Nc3 Nb4 12.Bg5 Re8 13.Rac1 Bd7 14.Ne5 Rc8 15.Bb3 Rc7
16.Bf4 Rc8 17.Bg5 Rf8 18.Bxf6 Bxf6 19.Nxd7 Qxd7 20.d5 exd5 21.Nxd5 Nxd5 22.Rxc8 Rxc8
23.Bxd5 Qxa4 24.Bxb7 Re8 25.Qd3 a5 26.b3 Qb4 27.g3 Qxb7  0-1

[Event "Georgi Tringov Mem"]
[Site "Plovdiv BUL"]
[Date "2010.02.02"]
[Round "4"]
[White "Miljkovic,Mir1"]
[Black "Andonov,B"]
[Result "1/2-1/2"]
[WhiteElo "2477"]
[BlackElo "2302"]

1.d4 d5 2.c4 dxc4 3.e3 Nf6 4.Bxc4 e6 5.Nf3 c5 6.O-O cxd4 7.exd4 Nc6 8.Nc3 Be7
9.Re1 O-O 10.a3 b6 11.d5 Na5 12.Ba2 Nxd5 13.Nxd5 exd5 14.Bxd5 Bb7  1/2-1/2

[Event "Georgi Tringov Mem"]
[Site "Plovdiv BUL"]
[Date "2010.02.05"]
[Round "8"]
[White "Antic,De"]
[Black "Lilov,V2"]
[Result "1-0"]
[WhiteElo "2503"]
[BlackElo "2409"]

1.d4 d5 2.Nf3 Nf6 3.c4 dxc4 4.e3 e6 5.Bxc4 c5 6.O-O a6 7.Bb3 Nbd7 8.Qe2 cxd4
9.exd4 Be7 10.Nc3 O-O 11.Bg5 Nb6 12.Rad1 Nfd5 13.Bc1 Bd7 14.Rfe1 Bc6 15.Ne5 Rc8
16.Qg4 Nxc3 17.bxc3 Bd5 18.Bh6 Bf6 19.Rd3 Kh8 20.Rg3 g6 21.Bxf8 Bxe5 22.dxe5 Qxf8
23.h4 Qh6 24.Qb4 Nc4 25.Qe7 Qf8 26.Qf6+ Qg7 27.Qf4 h5 28.Bd1 Qh7 29.Bf3 Nb6
30.Qb4 Rc6 31.Bxd5 exd5 32.Qe7 Re6 33.Qxb7 Qg7 34.Qxa6 Qf8 35.Qb7 f5 36.Qc7 Qe8
37.Rb1 Rc6 38.Qb7 Qe6 39.a4 Nc4 40.a5 f4 41.Rg5 f3 42.a6  1-0

[Event "TCh-NED 2009-10"]
[Site "Netherlands NED"]
[Date "2010.02.06"]
[Round "6"]
[White "Koopmans,C"]
[Black "Verlinde,T"]
[Result "0-1"]
[WhiteElo "2163"]
[BlackElo "2184"]

1.d4 d5 2.Nf3 Nf6 3.c4 dxc4 4.e3 e6 5.Bxc4 c5 6.O-O a6 7.a4 Nc6 8.Qe2 cxd4
9.Rd1 d3 10.Rxd3 Qc7 11.Nc3 Bc5 12.h3 O-O 13.e4 Nd7 14.Rd1 b6 15.Be3 Bxe3
16.Qxe3 Nb4 17.Qe2 Bb7 18.Nd4 Nc5 19.Rac1 Rfd8 20.Nb3 h6 21.Nxc5 Qxc5 22.Bb3 Qg5
23.Rxd8+ Rxd8 24.Rd1 Nc6 25.Rxd8+ Qxd8 26.Qe3 Nd4 27.Bc4 Nc6 28.Qd3 Qc7 29.Bb3 Qe7
30.Qe3 Qb4 31.Ne2 Na5 32.Bc2 Qxb2 33.Qd3 Qa1+ 34.Kh2 Qe5+ 35.f4 Qc7 36.e5 g6
37.Nc3 Kg7 38.Qg3 Nc4 39.Be4 Nd2 40.Qd3 Nxe4 41.Nxe4 Qc6 42.Qd8 Qxe4 43.Qf6+ Kg8  0-1

[Event "TCh-NED 2009-10"]
[Site "Netherlands NED"]
[Date "2010.02.06"]
[Round "6"]
[White "Van Gisbergen,S"]
[Black "Cardon,H"]
[Result "0-1"]
[WhiteElo "2307"]
[BlackElo "2381"]

1.d4 d5 2.c4 dxc4 3.Nf3 Nf6 4.e3 e6 5.Bxc4 c5 6.Qe2 cxd4 7.exd4 Nc6 8.O-O Nxd4
9.Nxd4 Qxd4 10.Rd1 Qb6 11.Nc3 a6 12.b3 Bd7 13.Bb2 Be7 14.Ne4 O-O-O 15.Ng5 Rhf8
16.Rac1 Kb8 17.Qe5+ Ka8 18.Bd4 Qb4 19.a3 Qxa3 20.Ra1 Ng4 21.Qe2 Qd6 22.Qxg4 e5
23.Qe2 exd4 24.Nxf7 Rxf7 25.Bxf7 Bf6 26.Bc4 Kb8 27.b4 Bf5 28.Bd3 Bxd3 29.Qxd3 h6
30.b5 axb5 31.Ra5 b4 32.Rda1 Qc6 33.Qg3+ Rd6 34.Qg4 Kc7 35.Ra8 Kb6 36.Rc8 Qb5
37.Qf4 Be5 38.Qe4 d3 39.Re8 Bxa1  0-1

[Event "TCh-Eur Seniors"]
[Site "Dresden GER"]
[Date "2010.02.15"]
[Round "6"]
[White "Danner,G"]
[Black "Bachmann,KH"]
[Result "1/2-1/2"]
[WhiteElo "2429"]
[BlackElo "2301"]

1.d4 d5 2.c4 dxc4 3.Nf3 Nf6 4.e3 e6 5.Bxc4 c5 6.O-O a6 7.Re1 Nc6 8.Nc3 Be7
9.a3 O-O 10.Ba2 Qc7 11.Qd3 Rd8 12.Rd1 b6 13.d5 exd5 14.Bxd5 Be6 15.e4 Bxd5
16.exd5 Na5 17.Bg5 Nb3 18.Nb5 axb5 19.Qxb3 b4 20.Qc4 bxa3 21.bxa3 h6 22.Bh4 Ne8
23.Bg3 Bd6 24.a4 Bxg3 25.hxg3 Nd6 26.Qf4 b5 27.axb5 Rxa1 28.Rxa1 Nxb5 29.Qc4 Nd6
30.Qa6 c4 31.Nd4 Qc5 32.Nc6 Re8 33.Qa7 Qxa7 34.Rxa7 c3 35.Ra1 Ne4 36.Rc1 Nf6
37.d6 Re6 38.Ne7+ Kh7 39.Nf5 g6 40.Ne3 Rxd6 41.Rxc3  1/2-1/2

[Event "NordWest-Cup"]
[Site "Bad Zwischenahn GER"]
[Date "2010.02.20"]
[Round "5"]
[White "Nedic,D"]
[Black "Meins,G"]
[Result "1/2-1/2"]
[WhiteElo "2369"]
[BlackElo "2477"]

1.d4 d5 2.c4 dxc4 3.Nf3 Nf6 4.e3 e6 5.Bxc4 c5 6.O-O a6 7.Bb3 Nc6 8.Nc3 Be7
9.dxc5 Qxd1 10.Rxd1 Bxc5 11.Ng5 O-O 12.Nge4 Be7 13.Bd2 Na5 14.Nxf6+ Bxf6
15.Ne4 Nxb3 16.axb3 Bxb2 17.Ra2 Be5 18.Bb4 Re8 19.Rad2 b6 20.f4 Bb7 21.Ng5 Bf6
22.Nxf7 Bd5 23.Nd6 Red8 24.Nc4 b5 25.Ba5  1/2-1/2

[Event "4NCL 2009-10"]
[Site "Hinckley Island ENG"]
[Date "2010.02.20"]
[Round "5"]
[White "Martin,Andrew"]
[Black "Twyble,M"]
[Result "1/2-1/2"]
[WhiteElo "2423"]
[BlackElo "2264"]

1.d4 d5 2.c4 dxc4 3.Nf3 Nf6 4.e3 e6 5.Bxc4 c5 6.O-O a6 7.Bb3 b5 8.Qe2 Bb7
9.Rd1 Nbd7 10.Nc3 Be7 11.d5 exd5 12.Nxd5 Nxd5 13.Bxd5 Bxd5 14.Rxd5 Qc7 15.e4 O-O
16.Bf4 Qc8  1/2-1/2